| 000 | 01022nam a22003017a 4500 | ||
|---|---|---|---|
| 003 | CHAP | ||
| 005 | 20220329141622.0 | ||
| 008 | 971013s1977 r 00010 d | ||
| 010 | _a71123 | ||
| 011 | _a72095 | ||
| 035 | _a81649 | ||
| 040 | _cCHAP | ||
| 082 |
_a634.81 _bG3 |
||
| 100 | 0 | 0 |
_aGalet, Pierre. _944236 |
| 245 | _aLes maladies et les parasites de la vigne | ||
| 260 |
_aMontpellier : _bPayson du Midi, _c1977 |
||
| 300 |
_a2 v. _b: ilus. |
||
| 505 | _aContenido : v.1 Les maladies dues รก des vegetaux.- v.2 Les parasites animaux | ||
| 590 |
_aBATCH-UPD _b10 _c20130110 _lUCH01 _h0125 |
||
| 590 |
_aBATCH-UPD _b10 _c20130110 _lUCH01 _h1030 |
||
| 590 |
_aCONVERSION _b10 _c20130109 _lUCH01 _h1339 |
||
| 650 | 1 | 4 |
_aVid _xEnfermedades. _9119108 |
| 650 | 1 | 4 |
_aVid _xPlagas. _9119131 |
| 901 | _aBK | ||
| 942 | _cLIBRO | ||
| 949 |
_a634.81 G3 _bBC _cLIBRO _d33724000211249 _eLIBRO _fv.1 _h58160 _i81649 _mDirecto _si _t3600.00 |
||
| 949 |
_a634.81 G3 _bBC _cLIBRO _d33724000397238 _eLIBRO _fv.2 _h58161 _i81649 _mDirecto _si _t3600.00 |
||
| 999 |
_c71123 _d71123 |
||